000 00508nam a2200157 4500
001 113130
003 ES-MaACL
007 t|
008 061121s1983 sp r ||||1| spa d
100 1 _aNúñez Lacaci, Francisco.
_986206
245 1 3 _aLa Armada
_b: esa desconocida /
_cFrancisco Núñez Lacaci, Francisco Torrente Sánchez.
260 _aMadrid :
_bSan Martín,
_c1983.
300 _a493 p. :
_bil. ;
_c21 cm.
700 1 _aTorrente Sánchez, Francisco.
_9110856
852 _aES-MaACL
_jL-4147
_bR.104861
999 _c113130
_d113130